[Event "DEM U10 2021"]
[Site "Willingen GER"]
[Date "2021.08.28"]
[Round "10"]
[White "Pflugbeil, Julian"]
[Black "Gavrylyuk, Oleksandr"]
[Result "1-0"]
[Termination "normal"]
[Board "18"]
[WhiteElo "1368"]
[BlackElo "1151"]
[WhiteClock "01:01:31"]
[BlackClock "00:30:11"]
[PlyCount "83"]
[WhiteFideId "34608850"]
[BlackFideId "34609083"]
[EventCountry "GER"]
[EventRounds "11"]
[EventType "swiss"]
[EventDate "2021.08.22"]

1. e4 {[%clk 01:15:58]} c5 {[%clk 01:15:38]} {[%emt 00:00:23]} 2. Nf3 {[%clk
01:16:02]} {[%emt 00:00:26]} Nc6 {[%clk 01:16:02]} {[%emt 00:00:06]} 3. d4
{[%clk 01:16:27]} {[%emt 00:00:06]} cxd4 {[%clk 01:16:24]} {[%emt 00:00:07]} 4.
Nxd4 {[%clk 01:16:55]} {[%emt 00:00:02]} g6 {[%clk 01:16:39]} {[%emt 00:00:15]}
5. Nc3 {[%clk 01:17:10]} {[%emt 00:00:13]} Bg7 {[%clk 01:16:39]} {[%emt
00:00:32]} 6. Be3 {[%clk 01:17:33]} {[%emt 00:00:07]} Nf6 {[%clk 01:17:03]}
{[%emt 00:00:06]} 7. Bc4 {[%clk 01:17:55]} {[%emt 00:00:08]} Qa5 {[%clk
01:17:27]} {[%emt 00:00:05]} 8. O-O {[%clk 01:18:15]} {[%emt 00:00:11]} O-O
{[%clk 01:17:38]} {[%emt 00:00:19]} 9. Nb3 {[%clk 01:18:33]} {[%emt 00:00:12]}
Qb4 {[%clk 01:17:05]} {[%emt 00:01:03]} 10. Bd3 {[%clk 01:17:55]} {[%emt
00:01:07]} Qd6 {[%clk 01:12:33]} {[%emt 00:05:03]} 11. f4 {[%clk 01:17:55]}
{[%emt 00:00:31]} Qb8 {[%clk 01:11:17]} {[%emt 00:01:46]} 12. e5 {[%clk
01:18:15]} {[%emt 00:00:09]} Ne8 {[%clk 01:11:27]} {[%emt 00:00:20]} 13. Re1
{[%clk 01:15:06]} {[%emt 00:03:38]} d6 {[%clk 01:10:40]} {[%emt 00:01:18]} 14.
exd6 {[%clk 01:14:53]} {[%emt 00:00:44]} Nxd6 {[%clk 01:10:31]} {[%emt
00:00:38]} 15. Nd2 {[%clk 01:13:38]} {[%emt 00:01:40]} Bf5 {[%clk 01:09:51]}
{[%emt 00:01:14]} 16. Nf3 {[%clk 01:10:12]} {[%emt 00:03:57]} Bxd3 {[%clk
01:09:19]} {[%emt 00:01:03]} 17. Qxd3 {[%clk 01:10:36]} {[%emt 00:00:05]} Nf5
{[%clk 01:04:55]} {[%emt 00:04:53]} 18. Rab1 {[%clk 01:09:39]} {[%emt
00:01:17]} Rd8 {[%clk 01:02:39]} {[%emt 00:02:51]} 19. Qe2 {[%clk 01:09:55]}
{[%emt 00:00:20]} Nxe3 {[%emt 00:01:42]} 20. Qxe3 {[%clk 01:09:46]} {[%emt
00:00:09]} Nd4 {[%clk 01:01:08]} {[%emt 00:01:19]} 21. Rbc1 {[%clk 01:08:09]}
{[%emt 00:02:04]} e6 {[%clk 00:58:32]} {[%emt 00:03:09]} 22. Kh1 {[%clk
01:08:07]} {[%emt 00:00:33]} Nxf3 {[%clk 00:57:19]} {[%emt 00:01:40]} 23. Qxf3
{[%clk 01:07:32]} {[%emt 00:01:05]} Rd4 {[%clk 00:54:41]} {[%emt 00:03:00]} 24.
Re4 {[%clk 01:06:01]} {[%emt 00:02:10]} Rxe4 {[%clk 00:54:23]} {[%emt
00:00:49]} 25. Nxe4 {[%clk 01:06:09]} {[%emt 00:00:22]} Bxb2 {[%clk 00:53:54]}
{[%emt 00:00:59]} 26. Rb1 {[%clk 01:05:41]} {[%emt 00:00:58]} Bg7 {[%clk
00:53:18]} {[%emt 00:01:06]} 27. Rxb7 {[%clk 01:05:13]} {[%emt 00:00:58]} Qc8
{[%clk 00:50:35]} {[%emt 00:02:58]} 28. Qb3 {[%clk 01:05:18]} {[%emt 00:00:40]}
Qd8 {[%clk 00:49:38]} {[%emt 00:01:18]} 29. h3 {[%clk 01:05:22]} {[%emt
00:00:35]} Bf8 {[%clk 00:44:42]} {[%emt 00:05:25]} 30. Ng5 {[%clk 01:04:24]}
{[%emt 00:01:30]} Be7 {[%clk 00:43:38]} {[%emt 00:01:33]} 31. Nxe6 {[%clk
01:04:28]} {[%emt 00:00:27]} fxe6 {[%clk 00:42:11]} {[%emt 00:01:56]} 32. Qxe6+
{[%clk 01:04:52]} {[%emt 00:00:05]} Kf8 {[%clk 00:42:35]} {[%emt 00:00:07]} 33.
Qe4 {[%clk 01:04:53]} {[%emt 00:00:28]} Rb8 {[%clk 00:39:38]} {[%emt 00:03:28]}
34. Rxa7 {[%clk 01:04:39]} {[%emt 00:00:40]} Bc5 {[%clk 00:37:33]} {[%emt
00:02:38]} 35. Rxh7 {[%clk 01:04:50]} {[%emt 00:00:19]} Qd1+ {[%clk 00:37:40]}
{[%emt 00:00:23]} 36. Kh2 {[%clk 01:05:06]} {[%emt 00:00:15]} Qg1+ {[%clk
00:37:43]} {[%emt 00:00:24]} 37. Kg3 {[%clk 01:05:27]} {[%emt 00:00:11]} Qd4
{[%clk 00:30:29]} {[%emt 00:07:41]} 38. Qf3 {[%clk 01:00:23]} {[%emt 00:05:37]}
g5 {[%clk 00:29:41]} {[%emt 00:01:19]} 39. fxg5+ {[%clk 01:00:41]} {[%emt
00:00:12]} Ke8 {[%clk 00:29:42]} {[%emt 00:00:28]} 40. Qf7+ {[%clk 01:01:06]}
{[%emt 00:00:05]} Kd8 {[%clk 00:29:57]} {[%emt 00:00:15]} 41. Qg8+ {[%clk
01:01:31]} {[%emt 00:00:05]} Bf8 {[%clk 00:30:11]} {[%emt 00:00:16]} 42. Qxf8#
{[%emt 00:00:05]} 1-0

[Event "DEM U10 2021"]
[Site "Willingen GER"]
[Date "2021.08.28"]
[Round "10"]
[White "Vinogradov, Ilia"]
[Black "Fettig, Michel"]
[Result "1/2-1/2"]
[Termination "normal"]
[Board "19"]
[WhiteElo "1217"]
[BlackElo "1297"]
[WhiteClock "00:28:32"]
[BlackClock "01:03:50"]
[PlyCount "69"]
[WhiteFideId "34603166"]
[BlackFideId "34608982"]
[EventCountry "GER"]
[EventRounds "11"]
[EventType "swiss"]
[EventDate "2021.08.22"]

1. e4 {[%clk 01:15:57]} {[%emt 00:00:02]} e6 {[%clk 01:15:57]} {[%emt
00:00:04]} 2. d4 {[%clk 01:16:18]} {[%emt 00:00:09]} d5 {[%clk 01:16:18]}
{[%emt 00:00:10]} 3. exd5 {[%clk 01:16:41]} {[%emt 00:00:07]} exd5 {[%clk
01:16:42]} {[%emt 00:00:06]} 4. Nf3 {[%clk 01:16:54]} {[%emt 00:00:16]} Bf5
{[%clk 01:16:59]} {[%emt 00:00:13]} 5. Bd3 {[%clk 01:16:24]} {[%emt 00:01:00]}
Bxd3 {[%clk 01:17:15]} {[%emt 00:00:14]} 6. Qxd3 {[%clk 01:16:39]} {[%emt
00:00:15]} Nf6 {[%clk 01:17:35]} {[%emt 00:00:09]} 7. O-O {[%clk 01:15:44]}
{[%emt 00:01:25]} Be7 {[%clk 01:17:53]} {[%emt 00:00:13]} 8. Bf4 {[%clk
01:12:51]} {[%emt 00:03:23]} O-O {[%clk 01:17:58]} {[%emt 00:00:22]} 9. Nc3
{[%clk 01:11:45]} {[%emt 00:01:39]} Nc6 {[%emt 00:00:37]} 10. a3 {[%clk
01:08:01]} {[%emt 00:04:13]} a6 {[%clk 01:16:36]} {[%emt 00:01:47]} 11. Bg5
{[%clk 01:06:15]} {[%emt 00:02:15]} b5 {[%clk 01:15:18]} {[%emt 00:01:48]} 12.
Qf5 {[%clk 01:00:06]} {[%emt 00:06:39]} Rc8 {[%clk 01:13:14]} {[%emt 00:02:33]}
13. Rfe1 {[%clk 00:52:51]} {[%emt 00:07:46]} Re8 {[%clk 01:11:42]} {[%emt
00:02:02]} 14. Re2 {[%clk 00:49:18]} {[%emt 00:04:03]} Qd7 {[%clk 01:09:38]}
{[%emt 00:02:34]} 15. Qxd7 {[%clk 00:46:34]} {[%emt 00:03:13]} Nxd7 {[%clk
01:08:23]} {[%emt 00:01:45]} 16. Nxd5 {[%clk 00:44:23]} {[%emt 00:02:42]} Bxg5
{[%clk 01:08:38]} {[%emt 00:00:15]} 17. Rxe8+ {[%clk 00:43:52]} {[%emt
00:01:01]} Rxe8 {[%clk 01:08:41]} {[%emt 00:00:26]} 18. Nxg5 {[%clk 00:43:19]}
{[%emt 00:01:03]} Nxd4 {[%clk 01:08:32]} {[%emt 00:00:39]} 19. Nxc7 {[%clk
00:40:48]} {[%emt 00:03:01]} Rc8 {[%clk 01:07:47]} {[%emt 00:01:15]} 20. Rd1
{[%clk 00:39:33]} {[%emt 00:01:45]} Rxc7 {[%clk 01:06:24]} {[%emt 00:01:54]}
21. Rxd4 {[%clk 00:39:44]} {[%emt 00:00:19]} Rxc2 {[%clk 01:06:29]} {[%emt
00:00:25]} 22. h3 {[%clk 00:39:05]} {[%emt 00:01:09]} Nf8 {[%clk 01:06:09]}
{[%emt 00:00:49]} 23. Rd6 {[%clk 00:36:58]} {[%emt 00:02:39]} h6 {[%clk
01:05:56]} {[%emt 00:00:42]} 24. Nf3 {[%clk 00:37:01]} {[%emt 00:00:27]} Rxb2
{[%clk 01:04:25]} {[%emt 00:02:01]} 25. Rxa6 {[%clk 00:37:03]} {[%emt
00:00:28]} Ra2 {[%clk 01:04:29]} {[%emt 00:00:26]} 26. Nd4 {[%clk 00:35:56]}
{[%emt 00:01:37]} b4 {[%clk 01:03:52]} {[%emt 00:01:08]} 27. Ra4 {[%clk
00:33:30]} {[%emt 00:02:55]} Ra1+ {[%clk 01:03:05]} {[%emt 00:01:17]} 28. Kh2
{[%clk 00:33:11]} {[%emt 00:00:49]} bxa3 {[%clk 01:03:13]} {[%emt 00:00:22]}
29. Nb5 {[%clk 00:30:57]} {[%emt 00:02:44]} Ra2 {[%clk 01:02:59]} {[%emt
00:00:45]} 30. f3 {[%clk 00:30:41]} {[%emt 00:00:46]} Kh7 {[%clk 01:03:06]}
{[%emt 00:00:23]} 31. Rxa3 {[%clk 00:30:20]} {[%emt 00:00:50]} Rxa3 {[%clk
01:03:22]} {[%emt 00:00:14]} 32. Nxa3 {[%clk 00:30:43]} {[%emt 00:00:07]} g5
{[%clk 01:03:42]} {[%emt 00:00:09]} 33. g4 {[%clk 00:30:10]} {[%emt 00:01:04]}
Kg6 {[%clk 01:03:59]} {[%emt 00:00:13]} 34. Kg3 {[%clk 00:29:25]} {[%emt
00:01:15]} Ne6 {[%clk 01:03:50]} {[%emt 00:00:39]} 35. Nc4 {[%clk 00:28:32]}
{[%emt 00:01:23]} 1/2-1/2

[Event "DEM U10 2021"]
[Site "Willingen GER"]
[Date "2021.08.28"]
[Round "10"]
[White "Burban, Victor"]
[Black "Moskalenko, Michael"]
[Result "1-0"]
[Termination "normal"]
[Board "20"]
[WhiteElo "1215"]
[BlackElo "1220"]
[WhiteClock "00:19:13"]
[BlackClock "00:45:34"]
[PlyCount "83"]
[WhiteFideId "34609032"]
[BlackFideId "34608877"]
[EventCountry "GER"]
[EventRounds "11"]
[EventType "swiss"]
[EventDate "2021.08.22"]

1. e4 {[%clk 01:15:58]} {[%emt 00:00:02]} d5 {[%clk 01:15:53]} {[%emt
00:00:06]} 2. exd5 {[%clk 01:16:17]} {[%emt 00:00:11]} Qxd5 {[%clk 01:16:17]}
{[%emt 00:00:06]} 3. Nc3 {[%clk 01:16:35]} {[%emt 00:00:14]} Qa5 {[%clk
01:16:38]} {[%emt 00:00:08]} 4. d4 {[%clk 01:16:43]} {[%emt 00:00:23]} Nf6
{[%clk 01:16:57]} {[%emt 00:00:09]} 5. Nf3 {[%clk 01:16:12]} {[%emt 00:01:02]}
Bg4 {[%clk 01:17:14]} {[%emt 00:00:12]} 6. h3 {[%clk 01:14:25]} {[%emt
00:02:18]} Bh5 {[%clk 01:15:17]} {[%emt 00:02:27]} 7. g4 {[%clk 01:10:53]}
{[%emt 00:04:02]} Bg6 {[%clk 01:15:35]} {[%emt 00:00:12]} 8. Bd2 {[%clk
01:10:00]} {[%emt 00:01:24]} c6 {[%clk 01:15:51]} {[%emt 00:00:13]} 9. Ne5
{[%clk 01:07:47]} {[%emt 00:02:43]} e6 {[%clk 01:14:24]} {[%emt 00:01:56]} 10.
Nxg6 {[%clk 01:06:18]} {[%emt 00:01:59]} hxg6 {[%clk 01:14:44]} {[%emt
00:00:10]} 11. Bg2 {[%clk 01:04:22]} {[%emt 00:02:26]} Bd6 {[%clk 01:14:35]}
{[%emt 00:00:38]} 12. Qe2 {[%clk 01:01:10]} {[%emt 00:03:41]} Qc7 {[%clk
01:14:04]} {[%emt 00:01:04]} 13. O-O-O {[%clk 01:00:08]} {[%emt 00:01:32]} Nbd7
{[%clk 01:12:59]} {[%emt 00:01:31]} 14. Ne4 {[%clk 00:57:45]} {[%emt 00:02:56]}
Be7 {[%clk 01:09:09]} {[%emt 00:04:20]} 15. Qf3 {[%clk 00:54:03]} {[%emt
00:04:13]} Nd5 {[%clk 01:03:18]} {[%emt 00:06:19]} 16. Nc3 {[%clk 00:51:24]}
{[%emt 00:03:10]} Nxc3 {[%clk 01:03:14]} {[%emt 00:00:35]} 17. Qxc3 {[%clk
00:51:38]} {[%emt 00:00:15]} O-O-O {[%clk 01:02:41]} {[%emt 00:01:03]} 18. Be3
{[%clk 00:49:12]} {[%emt 00:02:56]} Nb6 {[%clk 00:59:50]} {[%emt 00:03:20]} 19.
Qd2 {[%clk 00:44:08]} {[%emt 00:05:36]} Nd5 {[%clk 00:59:30]} {[%emt 00:00:49]}
20. Bxd5 {[%clk 00:43:25]} {[%emt 00:01:12]} Rxd5 {[%clk 00:57:51]} {[%emt
00:02:10]} 21. Bf4 {[%clk 00:39:59]} {[%emt 00:03:56]} Bd6 {[%clk 00:58:02]}
{[%emt 00:00:18]} 22. Bxd6 {[%clk 00:39:43]} {[%emt 00:00:46]} Qxd6 {[%clk
00:57:48]} {[%emt 00:00:44]} 23. Qe3 {[%clk 00:38:18]} {[%emt 00:01:54]} Rd8
{[%clk 00:57:02]} {[%emt 00:01:17]} 24. c3 {[%clk 00:35:43]} {[%emt 00:03:05]}
c5 {[%clk 00:55:04]} {[%emt 00:02:28]} 25. Qf3 {[%clk 00:31:53]} {[%emt
00:04:19]} f6 {[%clk 00:54:42]} {[%emt 00:00:53]} 26. dxc5 {[%clk 00:31:21]}
{[%emt 00:01:02]} Rxd1+ {[%clk 00:54:14]} {[%emt 00:00:59]} 27. Rxd1 {[%clk
00:31:33]} {[%emt 00:00:17]} Qxc5 {[%clk 00:53:53]} {[%emt 00:00:51]} 28. Rxd8+
{[%clk 00:30:30]} {[%emt 00:01:32]} Kxd8 {[%clk 00:54:18]} {[%emt 00:00:06]}
29. Qd3+ {[%clk 00:29:13]} {[%emt 00:01:48]} Qd5 {[%clk 00:49:55]} {[%emt
00:04:53]} 30. Qxd5+ {[%clk 00:29:24]} {[%emt 00:00:18]} exd5 {[%clk 00:50:09]}
{[%emt 00:00:17]} 31. Kd2 {[%clk 00:29:24]} {[%emt 00:00:31]} Kd7 {[%clk
00:50:24]} {[%emt 00:00:14]} 32. Kd3 {[%clk 00:28:39]} {[%emt 00:01:15]} Kd6
{[%clk 00:50:16]} {[%emt 00:00:38]} 33. Kd4 {[%clk 00:27:23]} {[%emt 00:01:46]}
b5 {[%clk 00:49:06]} {[%emt 00:01:40]} 34. b4 {[%clk 00:25:33]} {[%emt
00:02:20]} g5 {[%clk 00:48:52]} {[%emt 00:00:43]} 35. f3 {[%clk 00:24:14]}
{[%emt 00:01:49]} g6 {[%clk 00:48:51]} {[%emt 00:00:32]} 36. a3 {[%clk
00:23:50]} {[%emt 00:00:54]} a6 {[%clk 00:49:11]} {[%emt 00:00:10]} 37. Kd3
{[%clk 00:23:30]} {[%emt 00:00:50]} Ke5 {[%clk 00:48:41]} {[%emt 00:01:00]} 38.
Ke3 {[%clk 00:22:31]} {[%emt 00:01:29]} f5 {[%clk 00:48:15]} {[%emt 00:00:55]}
39. gxf5 {[%clk 00:20:49]} {[%emt 00:02:12]} gxf5 {[%clk 00:48:19]} {[%emt
00:00:27]} 40. f4+ {[%clk 00:20:30]} {[%emt 00:00:50]} Kf6 {[%clk 00:45:20]}
{[%emt 00:03:28]} 41. fxg5+ {[%clk 00:19:18]} {[%emt 00:01:41]} Kxg5 {[%clk
00:45:34]} {[%emt 00:00:17]} 42. Kf3 {[%clk 00:19:13]} {[%emt 00:00:35]} 1-0

[Event "DEM U10 2021"]
[Site "Willingen GER"]
[Date "2021.08.28"]
[Round "10"]
[White "Heitmann, Erik"]
[Black "Deiringer, Julius"]
[Result "1-0"]
[Termination "normal"]
[Board "21"]
[WhiteElo "1262"]
[BlackElo "1274"]
[WhiteClock "01:14:20"]
[BlackClock "00:58:51"]
[PlyCount "35"]
[WhiteFideId "34608940"]
[BlackFideId "16267010"]
[EventCountry "GER"]
[EventRounds "11"]
[EventType "swiss"]
[EventDate "2021.08.22"]

1. d4 {[%clk 01:15:58]} Nf6 {[%clk 01:15:48]} {[%emt 00:00:12]} 2. Bf4 {[%clk
01:16:11]} {[%emt 00:00:18]} e6 {[%clk 01:16:09]} {[%emt 00:00:09]} 3. Nd2
{[%clk 01:16:22]} {[%emt 00:00:19]} d5 {[%clk 01:16:24]} {[%emt 00:00:14]} 4.
e3 {[%clk 01:16:36]} {[%emt 00:00:16]} c5 {[%clk 01:16:40]} {[%emt 00:00:15]}
5. c3 {[%clk 01:16:55]} {[%emt 00:00:11]} Nc6 {[%clk 01:17:04]} {[%emt
00:00:06]} 6. Bd3 {[%clk 01:17:05]} {[%emt 00:00:20]} Bd6 {[%clk 01:17:03]}
{[%emt 00:00:31]} 7. Bg3 {[%clk 01:17:26]} {[%emt 00:00:09]} b6 {[%clk
01:17:12]} {[%emt 00:00:21]} 8. Ngf3 {[%clk 01:17:37]} {[%emt 00:00:19]} Bb7
{[%clk 01:17:29]} {[%emt 00:00:12]} 9. Qe2 {[%clk 01:17:37]} {[%emt 00:00:32]}
O-O {[%clk 01:16:48]} {[%emt 00:01:10]} 10. Rd1 {[%clk 01:17:37]} {[%emt
00:00:30]} Ne7 {[%clk 01:11:08]} {[%emt 00:06:10]} 11. e4 {[%clk 01:17:47]}
{[%emt 00:00:20]} dxe4 {[%clk 01:08:09]} {[%emt 00:03:30]} 12. Nxe4 {[%clk
01:17:22]} {[%emt 00:00:53]} Nxe4 {[%clk 01:08:08]} {[%emt 00:00:32]} 13. Bxe4
{[%clk 01:17:37]} {[%emt 00:00:15]} Bxg3 {[%clk 01:04:04]} {[%emt 00:04:33]}
14. hxg3 {[%clk 01:16:43]} {[%emt 00:01:25]} Qc7 {[%clk 01:00:42]} {[%emt
00:04:33]} 15. Bxh7+ {[%clk 01:14:25]} {[%emt 00:02:48]} Kh8 {[%clk 01:00:19]}
{[%emt 00:00:53]} 16. Qd3 {[%clk 01:14:12]} {[%emt 00:00:41]} Rad8 {[%clk
00:58:40]} {[%emt 00:02:11]} 17. Bg8+ {[%clk 01:14:06]} {[%emt 00:00:36]} Kxg8
{[%clk 00:58:51]} {[%emt 00:00:19]} 18. Qh7# {[%clk 01:14:20]} {[%emt
00:00:16]} 1-0

[Event "DEM U10 2021"]
[Site "Willingen GER"]
[Date "2021.08.28"]
[Round "10"]
[White "Langer, Johann Leander"]
[Black "Xu, Wanghan"]
[Result "0-1"]
[Termination "normal"]
[Board "23"]
[WhiteElo "1047"]
[BlackElo "1289"]
[WhiteClock "01:08:45"]
[BlackClock "00:45:47"]
[PlyCount "60"]
[WhiteFideId "34607463"]
[BlackFideId "34608745"]
[EventCountry "GER"]
[EventRounds "11"]
[EventType "swiss"]
[EventDate "2021.08.22"]

1. e4 {[%clk 01:15:57]} {[%emt 00:00:02]} c5 {[%clk 01:15:53]} {[%emt
00:00:08]} 2. c3 {[%clk 01:16:20]} {[%emt 00:00:07]} d6 {[%clk 01:16:17]}
{[%emt 00:00:06]} 3. d4 {[%clk 01:16:21]} {[%emt 00:00:29]} cxd4 {[%clk
01:16:11]} {[%emt 00:00:36]} 4. cxd4 {[%clk 01:16:38]} {[%emt 00:00:13]} Nf6
{[%clk 01:15:59]} {[%emt 00:00:43]} 5. Nc3 {[%clk 01:16:35]} {[%emt 00:00:31]}
a6 {[%clk 01:15:50]} {[%emt 00:00:40]} 6. Bd3 {[%clk 01:16:26]} {[%emt
00:00:37]} g6 {[%clk 01:14:27]} {[%emt 00:01:55]} 7. Nge2 {[%clk 01:16:28]}
{[%emt 00:00:27]} Bg7 {[%clk 01:14:44]} {[%emt 00:00:13]} 8. b3 {[%clk
01:16:00]} {[%emt 00:00:58]} O-O {[%clk 01:14:58]} {[%emt 00:00:17]} 9. Bb2
{[%clk 01:16:22]} {[%emt 00:00:08]} Bd7 {[%clk 01:12:03]} {[%emt 00:03:25]} 10.
Rb1 {[%clk 01:16:24]} {[%emt 00:00:27]} e5 {[%clk 01:11:05]} {[%emt 00:01:29]}
11. d5 {[%clk 01:16:25]} {[%emt 00:00:28]} Bb5 {[%clk 01:09:55]} {[%emt
00:01:41]} 12. O-O {[%clk 01:15:59]} {[%emt 00:00:55]} Bxd3 {[%clk 01:10:00]}
{[%emt 00:00:26]} 13. Qxd3 {[%clk 01:16:10]} {[%emt 00:00:18]} Re8 {[%clk
01:09:10]} {[%emt 00:01:20]} 14. Rfe1 {[%clk 01:16:14]} {[%emt 00:00:25]} Nbd7
{[%clk 01:06:54]} {[%emt 00:02:47]} 15. Ba3 {[%clk 01:14:49]} {[%emt 00:01:53]}
Bf8 {[%clk 01:05:34]} {[%emt 00:01:53]} 16. Bb2 {[%clk 01:14:42]} {[%emt
00:00:36]} Nc5 {[%clk 01:05:26]} {[%emt 00:00:39]} 17. Qd2 {[%clk 01:14:14]}
{[%emt 00:00:44]} Ncxe4 {[%clk 01:04:28]} {[%emt 00:01:42]} 18. Nxe4 {[%clk
01:14:15]} {[%emt 00:00:28]} Nxe4 {[%clk 01:04:22]} {[%emt 00:00:36]} 19. Qe3
{[%clk 01:14:01]} {[%emt 00:00:41]} Nf6 {[%clk 01:04:12]} {[%emt 00:00:44]} 20.
Red1 {[%clk 01:13:21]} {[%emt 00:01:07]} Bg7 {[%clk 01:03:08]} {[%emt
00:01:36]} 21. Ba1 {[%clk 01:13:07]} {[%emt 00:00:43]} Rc8 {[%clk 00:59:25]}
{[%emt 00:04:14]} 22. Rd2 {[%clk 01:11:36]} {[%emt 00:02:01]} Qd7 {[%clk
00:57:05]} {[%emt 00:02:50]} 23. h3 {[%clk 01:11:02]} {[%emt 00:01:04]} Qf5
{[%clk 00:54:46]} {[%emt 00:02:50]} 24. Qd3 {[%clk 01:10:43]} {[%emt 00:00:46]}
e4 {[%clk 00:51:44]} {[%emt 00:03:36]} 25. Qe3 {[%clk 01:09:37]} {[%emt
00:01:33]} Nxd5 {[%clk 00:49:49]} {[%emt 00:02:27]} 26. g4 {[%clk 01:09:38]}
{[%emt 00:00:26]} Nxe3 {[%clk 00:47:38]} {[%emt 00:02:44]} 27. gxf5 {[%clk
01:09:23]} {[%emt 00:00:44]} Nxf5 {[%clk 00:48:00]} {[%emt 00:00:10]} 28. Bxg7
{[%clk 01:09:01]} {[%emt 00:00:50]} Kxg7 {[%clk 00:48:15]} {[%emt 00:00:16]}
29. Kh2 {[%clk 01:08:51]} {[%emt 00:00:39]} e3 {[%clk 00:45:50]} {[%emt
00:02:56]} 30. fxe3 {[%clk 01:08:45]} {[%emt 00:00:36]} Rxe3 {[%clk 00:45:47]}
{[%emt 00:00:33]} 0-1